French Words for Female Animals - Statistics

General Stats
  • This quiz has been taken 42 times
  • The average score is 16 of 30
Answer Stats
Hint Answer % Correct
rate rat
95%
éléphante elephant
87%
tigresse tigress
87%
lionne lioness
85%
pigeonne pigeon
85%
vache cow
82%
chienne dog
82%
chatte cat
79%
lapine rabbit
79%
poule hen
77%
oiselle bird
74%
renarde vixen
72%
ourse bear
67%
chamelle camel
64%
chèvre goat
64%
dinde turkey
54%
ânesse donkey
51%
louve wolf
46%
agnelle lamb
44%
paonne peahen
41%
jument mare
31%
cane duck
26%
brebis ewe
23%
truie sow
23%
merlette blackbird
18%
manchote penguin
18%
biche doe
15%
guenon monkey
15%
pouliche filly
8%
génisse heifer
5%
No matching quizzes found
Score Distribution
Percent of People with Each Score
Percentile by Number Answered
Your Score History
You have not taken this quiz